Zgadnij wykonawcę po tytule piosenki #1 - Statystyki

Ogólne statystyki
  • Ten quiz został rozwiązany 88 razy
  • Średni wynik to 8 z 15
Statystyki odpowiedzi
Tytuł Wykonawca % Poprawnych
Baby one mor time Britney Spears
79%
Smell like teen spirit Nirvana
76%
Barbie girl Aqua
69%
My heart will go on Celine Dion
68%
I will always love you Whitney Houston
67%
Notthing Else Matters Metallica
64%
Wannabe Spice Girls
60%
Livin' La Vida Loca Ricky Martin
56%
Believe Cher
49%
I want it that way Backstreet Boys
46%
Bailamos Enrique Iglesias
43%
Cambio Dolor Natalia Oreiro
42%
Mambo no. 5 Lou Bega
39%
How do you do Roxette
28%
An Angel Kelly Family
15%
Nie znaleziono quizów pasujących do podanych kryteriów
Rozkład punktacji
Procent ludzi z każdym wynikiem
Percentyl według liczby udzielonych odpowiedzi
Twoja historia wyników
Nie rozwiązałeś tego quizu